• 首页
  • 本馆介绍
  • 公告通知
  • 最新文献
  • 馆藏检索
  • 电子资源
  • 读者导购
  • 参考咨询
  • 我的图书馆
  • 登录
  • 详细信息显示
  • 放入我的书架
  • 预约/预借图书
  • 作者相关作品
  • 分类相关作品
  • 丛书相关作品
  • 出版社相关作品

书目信息

  • 表格格式
  • 工作单格式
  • 卡片格式
题名:
新学科辞海
    
 
作者: 金 哲 编著
分册:  
出版信息: 成都   四川人民出版社  1994
页数: 116,2387页
开本: 26cm
丛书名:
单 册:
中图分类: Z227
科图分类:
主题词: 百科词典 , 百科全书--中国
电子资源:
ISBN: 7-220-01678-6
000 00956nam0 2200265 45
001 0195021425
005 20061125143215.25
010    @a7-220-01678-6@b精装@dCNY280.00
100    @a19950511d1994 emky0chiy0121 ea
101 0  @achi
102    @aCN@b510000
105    @ay f 001yy
200 10 @a新学科辞海@AXIN XUE KE CI HAI@f金 哲等编著@FJIN ZHE DENG ZHU BIAN
210    @a成都@c四川人民出版社@e成都@g四川教育出版社@d1994
215    @a116,2387页@d26cm
300    @a并列题名:Encyclopedia of contemporary disciplines
330    @a共收哲学社会科学和有关高科技的新学科、新术语、新思潮流派、新理论、新方法以及新学科代表人物、代表著作、研究机构、团体、刊物、会议条目共1.1万余条,有4种检索方法。
510 1  @aEncyclopedia of contemporary disciplines@zeng
540 1  @a新学科@AXIN XUE KE
606    @a百科词典
606 0  @a百科全书@x中国
690    @aZ227@v3
701  0 @a金 哲@Ajin zhe@4编著
801  0 @aCN@bTSSF@c20061125
905    @a10447@dZ227@e106
    
    新学科辞海/金 哲等编著.-成都:四川人民出版社(成都:四川教育出版社),1994
    116,2387页;26cm
    并列题名:Encyclopedia of contemporary disciplines
    
    ISBN 7-220-01678-6(精装):CNY280.00
    共收哲学社会科学和有关高科技的新学科、新术语、新思潮流派、新理论、新方法以及新学科代表人物、代表著作、研究机构、团体、刊物、会议条目共1.1万余条,有4种检索方法。
●
相关链接 在E读中查询图书 在五车中查询图书 在当当中查询图书 在豆瓣中查询图书


正题名:新学科辞海     索取号:Z227/106         预约/预借

序号 登录号 条形码 馆藏地/架位号 状态 备注
1 0264582   202129838   第二样本阅览室/ [索取号:Z227/106] 在馆    
唐山师范学院图书馆 欢迎您!
大连网信软件有限公司© 版权所有